[Event "POL-chT3 2010/11"]
[Site "Wielkopolska"]
[Date "2011.01.23"]
[Round "4"]
[White "Homski, Pawel"]
[Black "Glatty, Zbigniew"]
[Result "1-0"]
[WhiteElo "2169"]
[BlackElo "1919"]
[PlyCount "103"]
[EventDate "2010.11.28"]
[EventType "team-tourn"]
[EventRounds "11"]
[EventCountry "POL"]
[SourceTitle "EXT 2019"]
[Source "ChessBase"]
[SourceDate "2018.10.10"]
[SourceVersion "1"]
[SourceVersionDate "2018.10.10"]
[SourceQuality "1"]
[WhiteTeam "Koscian Tecza"]
[BlackTeam "Poznan Raszyn"]
[WhiteTeamCountry "POL"]
[BlackTeamCountry "POL"]

1. e4 e5 2. Nf3 Nc6 3. Bc4 Bc5 4. c3 d6 5. d4 exd4 6. cxd4 Bb4+ 7. Bd2 Bxd2+ 8. Nbxd2 Nf6 9. 0-0 0-0 10. a3 Bg4 11. Qc2 Bxf3 12. Nxf3 d5 13. exd5 Nxd5 14. Rfe1 Nce7 15. Re5 c6 16. Rae1 Ng6 17. R5e2 Qd7 18. Ne5 Nxe5 19. dxe5 Nf4 20. Re4 Ne6 21. f4 Rad8 22. Qf2 Qd2 23. f5 Qxf2+ 24. Kxf2 Nc5 25. R4e3 Rd4 26. Rc1 Ne4+ 27. Kg1 Re8 28. Ba2 Kf8 29. Rce1 Nc5 30. e6 fxe6 31. fxe6 Re7 32. b4 Na6 33. Rf1+ Ke8 34. Ref3 Kd8 35. Rf8+ Kc7 36. R1f7 Rd1+ 37. Kf2 Rd2+ 38. Ke1 Rxa2 39. Rxe7+ Kd6 40. Rxb7 Kxe6 41. Ra8 Ra1+ 42. Kd2 Ra2+ 43. Kc1 Rxg2 44. Raxa7 Rxh2 45. Rxa6 g5 46. Rxc6+ Kf5 47. b5 g4 48. Rg7 h5 49. b6 Rh3 50. Kb2 g3 51. b7 Rh2+ 52. Rc2 1-0